000 00310nam a2200133 i 4500
001 bg
100 1 _aKESZTHELYJ, Ferenc
245 0 _aSpawanie rurociągów /
_cFerenc Keszthelyj.
260 _aWarszawa,
_c1977.
040 _cBPK
041 _apol
942 _cKS
008 s pl f |000 0 pol
999 _c17277
_d17277
856 _uhttp://koha.tu.koszalin.pl/cgi-bin/koha/opac-detail.pl?biblionumber=17277
_yKatalog online BPK